LABORATORY MANUAL PHYSICS INCLUDING VIVA VOCE (For XII) (Record no. 10962)
[ view plain ]
| 000 -LEADER | |
|---|---|
| fixed length control field | 00595cam a2200217ua 4500 |
| 008 - FIXED-LENGTH DATA ELEMENTS--GENERAL INFORMATION | |
| fixed length control field | 160319n II |||gr||||Z||||||eng |
| 040 ## - CATALOGING SOURCE | |
| Original cataloging agency | MAIN |
| 041 ## - LANGUAGE CODE | |
| -- | English |
| 100 ## - MAIN ENTRY--PERSONAL NAME | |
| Personal name | MITTAL, R.S. |
| 245 ## - TITLE STATEMENT | |
| Title | LABORATORY MANUAL PHYSICS INCLUDING VIVA VOCE (For XII) |
| 250 ## - EDITION STATEMENT | |
| Edition statement | 4TH. |
| 260 ## - PUBLICATION, DISTRIBUTION, ETC. | |
| Place of publication, distribution, etc. | NEW DELHI: |
| Name of publisher, distributor, etc. | ARYA PUBLICATIONS, |
| Date of publication, distribution, etc. | 2012. |
| 300 ## - PHYSICAL DESCRIPTION | |
| Extent | 394: |
| Dimensions | 24CM. |
| 500 ## - GENERAL NOTE | |
| General note | TRANSFERRED TO SANASKRITI JUNIOR COLLEGE,SGC |
| 700 ## - ADDED ENTRY--PERSONAL NAME | |
| Personal name | MITTAL, R.S., |
| Relator term | Author. |
| 700 ## - ADDED ENTRY--PERSONAL NAME | |
| Personal name | SINGHAL, S., |
| Relator term | AUTHOR. |
| 700 ## - ADDED ENTRY--PERSONAL NAME | |
| Personal name | SINGH, POONAM., |
| Relator term | AUTHOR. |
| 942 ## - ADDED ENTRY ELEMENTS (KOHA) | |
| Koha item type | Books |
| 653 ## - INDEX TERM--UNCONTROLLED | |
| Uncontrolled term | Physics |
No items available.